100 WPM Challenge - Statistics

General Stats
  • This quiz has been taken 186 times
  • The average score is 5 of 8
Answer Stats
Hint Answer % Correct
How are you today? How are you today?
100%
I don't quite understand what the purpose of this is I don't quite understand what the purpose of this is
94%
Jeremy's pet dog was very dirty after its walk Jeremy's pet dog was very dirty after its walk
86%
I do believe that pasta really is a delicious food I do believe that pasta really is a delicious food
81%
The FitnessGram Pacer Test is a multistage aerobic capacity test that progressively gets more difficult as it continues The FitnessGram Pacer Test is a multistage aerobic capacity test that progressively gets more difficult as it continues
52%
A glass cannon can pack a punch, but just one tiny touch and it shatters! A glass cannon can pack a punch, but just one tiny touch and it shatters!
44%
After years and years of playing video games, people finally realise that it is corrupting their brains. After years and years of playing video games, people finally realise that it is corrupting their brains.
10%
Now there are only seventeen words left and I don't know what else to type here now Now there are only seventeen words left and I don't know what else to type here now
6%
No matching quizzes found
Score Distribution
Percent of People with Each Score
Percentile by Number Answered
Your Score History
You have not taken this quiz